আমরা সেই সে জাতি / (Record no. 12090)
[ view plain ]
| 000 -LEADER | |
|---|---|
| fixed length control field | 00796nam a2200241 a 4500 |
| 001 - CONTROL NUMBER | |
| JCCL Control Number | 12090 |
| 003 - CONTROL NUMBER IDENTIFIER | |
| JCCL marc code | BD-JhCC |
| 005 - DATE AND TIME OF LATEST TRANSACTION | |
| control field | 20220322134023.0 |
| 008 - FIXED-LENGTH DATA ELEMENTS--GENERAL INFORMATION | |
| fixed length control field | 210314b19922019bg |||| ||a| 000 0 ben d |
| 020 ## - INTERNATIONAL STANDARD BOOK NUMBER | |
| International Standard Book Number | 9843109325 |
| 035 ## - SYSTEM CONTROL NUMBER | |
| system control number | (BD-JhCC)12090 |
| 040 ## - CATALOGING SOURCE | |
| Original cataloging agency | BD-JhCC |
| Modifying agency | BD-JhCC |
| 041 ## - LANGUAGE CODE | |
| Language code of Book | Bengali |
| 082 ## - DEWEY DECIMAL CLASSIFICATION NUMBER | |
| Classification number | 297.2 |
| Author mark and Year | ASA 2019 |
| 100 ## - MAIN ENTRY--PERSONAL NAME | |
| Personal name | আসাদ, আবুল |
| 245 ## - TITLE STATEMENT | |
| Title | আমরা সেই সে জাতি / |
| Statement of responsibility, etc | আবুল আসাদ । |
| 260 ## - PUBLICATION, DISTRIBUTION, ETC. (IMPRINT) | |
| Place of publication, distribution, etc | ঢাকা: |
| Name of publisher, distributor, etc | বাংলাদেশ ইসলামিক সেন্টার; |
| Date of publication, distribution, etc | ২০১৯. |
| 300 ## - PHYSICAL DESCRIPTION | |
| Pagination | 140 p. : |
| Dimensions | 18 cm |
| 500 ## - GENERAL NOTE | |
| General note | (প্রথম খন্ড,দ্বিতিয় খন্ড,তৃতীয় খন্ড) |
| 650 ## - SUBJECT ADDED ENTRY--TOPICAL TERM | |
| Topical term or geographic name as entry element | Islamic |
| 942 ## - ADDED ENTRY ELEMENTS (KOHA) | |
| Source of classification or shelving scheme | Dewey Decimal Classification |
| Koha item type | Books |
| Koha issues (borrowed), all copies | 2 |
| Source of classification or shelving scheme | volume number | Damaged status | Not for loan | Home library | Current library | Shelving location | Date of accession | Source of acquisition | Cost, normal purchase price | Total Checkouts | Full call number | Barcode | Date last seen | Copy number | Koha item type | Date checked out |
|---|---|---|---|---|---|---|---|---|---|---|---|---|---|---|---|---|
| Dewey Decimal Classification | V-1 | JCC Rouf Library | JCC Rouf Library | General Stacks | 03/14/2021 | Lt. Gen. Mahfuzur Rahman (10th intake) | 68.00 | 297.2 ASA 2019 | 16539 | 03/14/2021 | C-1 | Books | ||||
| Dewey Decimal Classification | V-2 | JCC Rouf Library | JCC Rouf Library | General Stacks | 03/14/2021 | Lt. Gen. Mahfuzur Rahman (10th intake) | 53.00 | 2 | 297.2 ASA 2019 | 16540 | 12/14/2023 | C-1 | Books | 10/26/2023 | ||
| Dewey Decimal Classification | V-3 | JCC Rouf Library | JCC Rouf Library | General Stacks | 03/14/2021 | Lt. Gen. Mahfuzur Rahman (10th intake) | 53.00 | 297.2 ASA 2019 | 16111 | 03/14/2021 | C-1 | Books |